| 000 | 00496nam a2200145Ia 4500 | ||
|---|---|---|---|
| 008 | 100122s9999 xx 000 0 und d | ||
| 082 |
_b56221 _a910.4 |
||
| 100 | _aप्रभु मीना | ||
| 245 | _aदक्षिणरंग (क.क्र.2/4) | ||
| 260 |
_bमेहता पब्लिकेशन हाऊस _c1999 |
||
| 300 | _a331 | ||
| 630 | _aदक्षिणरंग (क.क्र.2/4) | ||
| 730 | _aदक्षिणरंग (क.क्र.2/4) | ||
| 942 | _cBOOK | ||
| 999 |
_c432685 _d432682 |
||